LIBRARY ONLINE CATALOGUE

Introduction to Programming (Record no. 18363)

MARC details
000 -LEADER
fixed length control field 00415nam a22001337a 4500
008 - FIXED-LENGTH DATA ELEMENTS--GENERAL INFORMATION
fixed length control field 200727b xxu||||| |||| 00| 0 eng d
020 ## - INTERNATIONAL STANDARD BOOK NUMBER
International Standard Book Number 1788839129
050 ## - LIBRARY OF CONGRESS CALL NUMBER
Classification number QA76.64
Item number .S26 2018 c.1
100 ## - MAIN ENTRY--PERSONAL NAME
Personal name Samoylov, Nick
245 ## - TITLE STATEMENT
Title Introduction to Programming
Remainder of title Learn to program in Java with data structures,algorithms, and logic
Statement of responsibility, etc. Nick Samoylov
260 ## - PUBLICATION, DISTRIBUTION, ETC. (IMPRINT)
Place of publication, distribution, etc. UK
Name of publisher, distributor, etc. Packt
Date of publication, distribution, etc. 2018
300 ## - PHYSICAL DESCRIPTION
Extent xiv,701p.
942 ## - ADDED ENTRY ELEMENTS (KOHA)
Source of classification or shelving scheme Library of Congress Classification
Koha item type General Collection
Holdings
Withdrawn status Lost status Source of classification or shelving scheme Not for loan Home library Current library Date acquired Cost, normal purchase price Total Checkouts Full call number Barcode Date last seen Date last checked out Price effective from Koha item type
    Library of Congress Classification   Kabarak, Main Campus Kabarak, Main Campus 27/07/2020 6260.00 3 QA76.64 .S26 2018 c.1 030465 21/05/2025 05/05/2025 27/07/2020 General Collection
    Library of Congress Classification   Kabarak, Main Campus Kabarak, Main Campus 27/07/2020 6260.00 2 QA76.64 .S26 2018 c.2 030466 20/06/2025 05/06/2025 27/07/2020 General Collection
    Library of Congress Classification   Kabarak, Nakuru City Campus Kabarak, Main Campus 27/07/2020 6260.00 4 QA76.64 .S26 2018 c.1 030467 20/01/2025 04/12/2024 27/07/2020 General Collection